[Event "COL-ch U20"]
[Site "Bogota"]
[Date "2025.02.02"]
[Round "8"]
[White "Casas Mejia, Santiago"]
[Black "Sierra Isaza, Jose Eduardo"]
[Result "0-1"]
[WhiteElo "1537"]
[BlackElo "1687"]
[PlyCount "64"]
[EventDate "2025.01.29"]
[EventType "tourn"]
[EventRounds "9"]
[EventCountry "COL"]
[SourceTitle "CB06_2025"]
[SourceDate "2025.02.05"]
[SourceVersion "1"]
[SourceVersionDate "2025.02.05"]
[SourceQuality "1"]

1. d4 d5 2. c4 c6 3. Nc3 a6 4. cxd5 cxd5 5. Bf4 Nc6 6. Nf3 Nf6 7. e3 Bf5 8. Be2 e6 9. Qb3 Na5 10. Qa4+ Nc6 11. Ne5 Qb6 12. 0-0 Be7 13. Rfc1 0-0 14. a3 Rac8 15. Bg5 Rfd8 16. Na2 Qxb2 17. Nxc6 Rxc6 18. Qd1 Rdc8 19. Rxc6 Rxc6 20. Bf3 Rc2 21. Bh4 Bxa3 22. h3 Bd3 23. Kh2 Bc4 24. Rb1 Qxa2 25. Rxb7 Ne8 26. Bh5 g6 27. Qf3 f5 28. Qg3 Bd6 29. f4 Bf1 30. Bf3 Qc4 31. Qg5 Qc8 32. Ra7 Rc7 0-1

[Event "COL-ch U20"]
[Site "Bogota"]
[Date "2025.02.01"]
[Round "7"]
[White "Moreno Sierra, Juan David"]
[Black "Casas Mejia, Santiago"]
[Result "0-1"]
[WhiteElo "1692"]
[BlackElo "1537"]
[PlyCount "50"]
[EventDate "2025.01.29"]
[EventType "tourn"]
[EventRounds "9"]
[EventCountry "COL"]
[SourceTitle "CB06_2025"]
[SourceDate "2025.02.05"]
[SourceVersion "1"]
[SourceVersionDate "2025.02.05"]
[SourceQuality "1"]

1. d4 d5 2. Bf4 h5 3. e3 e5 4. Bxe5 f6 5. Bd3 Rh6 6. Nf3 Bg4 7. h3 Bxf3 8. Qxf3 fxe5 9. dxe5 Nc6 10. e6 Ne5 11. Qf5 Qf6 12. e4 Qxe6 13. 0-0 Nxd3 14. cxd3 Qxf5 15. exf5 0-0-0 16. Nc3 Ne7 17. g4 hxg4 18. hxg4 Nc6 19. Rfe1 Nd4 20. Rf1 Bd6 21. f4 Rdh8 22. Nxd5 Rh1+ 23. Kg2 R8h2+ 24. Kg3 Rh3+ 25. Kg2 R1h2+ 0-1

[Event "COL-ch U20"]
[Site "Bogota"]
[Date "2025.01.31"]
[Round "4"]
[White "Casas Mejia, Santiago"]
[Black "Daza Ordonez, Sebastian Camilo"]
[Result "0-1"]
[WhiteElo "1537"]
[BlackElo "1680"]
[PlyCount "40"]
[EventDate "2025.01.29"]
[EventType "tourn"]
[EventRounds "9"]
[EventCountry "COL"]
[SourceTitle "CB06_2025"]
[SourceDate "2025.02.05"]
[SourceVersion "1"]
[SourceVersionDate "2025.02.05"]
[SourceQuality "1"]

1. d4 d5 2. c4 c6 3. cxd5 cxd5 4. Nc3 Bf5 5. h4 Nf6 6. Bf4 Nc6 7. a3 a6 8. e3 h6 9. Nf3 Bg4 10. Be2 e6 11. Ne5 Bxe2 12. Nxe2 Rc8 13. Qa4 Qa5+ 14. Qxa5 Nxa5 15. Nc3 Nb3 16. Rb1 Bxa3 17. Nxd5 Nxd5 18. bxa3 Nxf4 19. exf4 0-0 20. Nd3 Rc3 0-1

[Event "Pereira Cosecha op"]
[Site "Pereira"]
[Date "2024.08.28"]
[Round "1"]
[White "Casas Mejia, Santiago"]
[Black "Cardona Duque, Juan Esteban"]
[Result "0-1"]
[WhiteElo "1432"]
[BlackElo "1756"]
[PlyCount "60"]
[EventDate "2024.08.28"]
[EventType "swiss"]
[EventRounds "9"]
[EventCountry "COL"]
[SourceTitle "EXT 2025"]
[Source "ChessBase"]
[SourceDate "2024.10.14"]
[SourceVersion "1"]
[SourceVersionDate "2024.10.14"]
[SourceQuality "1"]

1. d4 d5 2. c4 c6 3. cxd5 cxd5 4. Nc3 Nc6 5. Nf3 Nf6 6. Bf4 e6 7. e3 Bb4 8. Be2 Ne4 9. Qc2 0-0 10. 0-0 Nd6 11. a3 Ba5 12. b4 Bc7 13. b5 Ne7 14. Ng5 Ng6 15. Nf3 Nxf4 16. exf4 Bd7 17. Rac1 Rc8 18. Ng5 g6 19. a4 Nf5 20. Qd2 Ba5 21. Qd3 Qc7 22. Nxd5 Qxc1 23. Rxc1 Rxc1+ 24. Bf1 exd5 25. Qa3 Re1 26. Nxh7 Kxh7 27. Qxf8 Be6 28. g3 Nxd4 29. Qb8 Bh3 30. Qe5 Rxf1# 0-1

[Event "American Continental Rapid 18th"]
[Site "Medellin"]
[Date "2024.06.01"]
[Round "6"]
[White "Ceballos Castellanos, Isabela"]
[Black "Casas Mejia, Santiago"]
[Result "1-0"]
[WhiteElo "1855"]
[BlackElo "1476"]
[PlyCount "59"]
[EventDate "2024.06.01"]
[EventType "swiss (rapid)"]
[EventRounds "9"]
[EventCountry "COL"]
[SourceTitle "CBM 220 Extra"]
[Source "ChessBase"]
[SourceDate "2024.07.31"]
[SourceVersion "1"]
[SourceVersionDate "2024.07.31"]
[SourceQuality "1"]

1. e4 c5 2. Nc3 Nc6 3. f4 e6 4. Nf3 Nf6 5. Bc4 Be7 6. d3 d5 7. Bb3 dxe4 8. Ne5 exd3 9. Nxd3 0-0 10. Qe2 Nd4 11. Qf2 Qc7 12. Ne5 Rd8 13. 0-0 b6 14. Be3 Nxb3 15. axb3 Bb7 16. Nb5 Qc8 17. Nxa7 Qc7 18. Nb5 Qb8 19. Rxa8 Qxa8 20. Nc3 h6 21. Qg3 b5 22. f5 exf5 23. Bxh6 g6 24. Nxg6 Ng4 25. Nxe7+ Kh7 26. Rxf5 Qa1+ 27. Rf1 Qxb2 28. Rxf7+ Kh8 29. Bg7+ Kh7 30. Qh4+ 1-0

[Event "COL-ch U18"]
[Site "Ibague"]
[Date "2024.03.15"]
[Round "2"]
[White "Casas Mejia, Santiago"]
[Black "Cuellar Sanchez, Matias"]
[Result "1-0"]
[WhiteElo "1400"]
[BlackElo "1570"]
[PlyCount "104"]
[EventDate "2024.03.14"]
[EventType "swiss"]
[EventRounds "7"]
[EventCountry "COL"]
[SourceTitle "CBM 219 Extra"]
[Source "ChessBase"]
[SourceDate "2024.05.31"]
[SourceVersion "1"]
[SourceVersionDate "2024.05.31"]
[SourceQuality "1"]

1. d4 Nf6 2. c4 c5 3. d5 b5 4. Nc3 b4 5. Nb1 g6 6. Nd2 Bg7 7. e4 d6 8. f4 Qc7 9. Ngf3 0-0 10. Be2 a5 11. 0-0 a4 12. Rb1 e6 13. b3 Ng4 14. Qe1 Ne3 15. Rf2 Nc2 16. Qf1 axb3 17. axb3 Na3 18. Rb2 Bxb2 19. Bxb2 Nc2 20. h3 Ne3 21. Qe1 exd5 22. cxd5 Ra2 23. Qb1 Qa7 24. Bd3 f5 25. Re2 fxe4 26. Bxe4 c4 27. Bxg6 Nc2+ 28. Kh1 hxg6 29. Qxc2 Bf5 30. Qc1 c3 31. Bxc3 bxc3 32. Qxc3 Rc2 33. Qb4 Rc1+ 34. Kh2 Qc7 35. Ng5 Na6 36. Qa3 Ra8 37. g4 Bd7 38. Re7 Qc2 39. Re2 Qd1 40. Rg2 Rc5 41. Qb2 Rxd5 42. Nde4 Rf8 43. Nf6+ Rxf6 44. Qxf6 Rxg5 45. Qd8+ Kf7 46. Qxd7+ Kf8 47. fxg5 Qd4 48. Qc8+ Kf7 49. Qd7+ Kf8 50. Qd8+ Kf7 51. Qf6+ Qxf6 52. gxf6 Kxf6 1-0